'S'-Less States Quiz Stats

Quiz Updated May 15, 2016

Also try: 'O'-Less States
Challenge
Share
Tweet
Embed
Score 0/29 Timer 02:00
1 Play Today
State % Correct
California
90.8%
Florida
84.8%
New York
84.1%
Maine
76.9%
North Dakota
74.5%
Oregon
72.2%
Georgia
71.1%
Alabama
70.3%
North Carolina
70%
Ohio
69.5%
New Mexico
68.2%
Arizona
67.9%
Idaho
66.5%
Hawaii
63.4%
Colorado
62.6%
State % Correct
Nevada
61.7%
Vermont
60.4%
Michigan
60.2%
Virginia
60.1%
Montana
60%
Iowa
59.7%
Utah
59%
Kentucky
56.1%
Delaware
55.1%
Indiana
54.3%
Connecticut
52.1%
Wyoming
51.6%
Oklahoma
50.2%
Maryland
48.4%

You're not logged in!

Compare scores with friends on all Sporcle quizzes.
Sign Up with Email
OR
Log In

You Might Also Like...

Show Comments

Extras

Top Quizzes Today


Score Distribution

Your Account Isn't Verified!

In order to create a playlist on Sporcle, you need to verify the email address you used during registration. Go to your Sporcle Settings to finish the process.